Estadísticas para Rosco de Pasapalabra #30

Haz click aquí para intentar la prueba.

Estadísticas generales

  • Esta prueba ha sido intentada 101 veces
  • La puntuación promedio es 12 de 25

Estadísticas de respuestas

InicialDefiniciónRespuesta% Correcto
BMamífero cetáceo que es el mayor de los animales conocidosBallena
93%
AActitud o doctrina de la persona que niega la existencia de cualquier diosAteísmo
88%
GAdjetivo o sustantivo que expresa el lugar de origen o la nacionalidad, como americano o españolGentilicio
75%
OConjunto de grupos o partidos que en un país representan la posición contraria a la política del GobiernoOposición
75%
HBebida hecha con chufas u otros frutos, machacados, exprimidos y mezclados con agua y azúcarHorchata
72%
VAparato que indica la velocidad de un vehículoVelocímetro
68%
Contiene la ÑParte de un miembro cortado o amputado que permanece adherida al cuerpoMuñón
64%
PGrado de especialización posterior a la licenciaturaPosgrado
64%
RIra, enojo o enfado grandeRabia
64%
NObservación manuscrita que se hace a un libro o escrito, y que por lo regular se suele poner en los márgenesNota
61%
CDiámetro interior del cañón de las armas de fuego y del tamaño de los proyectilesCalibre
55%
DAcompañar por cortesía hasta un punto determinado a una persona que se marchaDespedir
54%
TSe dice del aparato o del vehículo guiado por medio de un mando a distanciaTeledirigido
54%
ZPersona muerta que ha sido revivida mediante brujeríaZombi
54%
ILengua de tierra que une dos continentes o una península con un continenteIstmo
51%
SSuboficial de graduación inmediatamente superior al cabo mayorSargento
51%
Contiene la QBaile en que se acompaña la melodía con un repiqueteo rítmico que se hace con la punta y el tacón del zapatoClaqué
41%
Contiene la XJuzgar la suficiencia o aptitud de alguien en cierta cosa, haciéndole realizar algunos ejerciciosExaminar
38%
UPolígono de once ladosUndecágono
29%
JAlabarse excesiva y presuntuosamente una personaJactar
26%
LAstro de los que parecen más grandes y brillantesLucero
19%
MNombre del grupo de formaciones rocosas de Grecia, junto a Kalambaka, cuyas cimas albergan monasteriosMeteora
10%
ECastigo ejemplarEscarmiento
9%
Contiene la YApellido del escultor autor de la estatua de los inventores Boulton, Watt y Murdoch, situada en BirminghanBloye
3%
FEn marina, soltar poco a poco un cabo o cable que está trabajandoFilar
3%

Distribución de puntuación

Porcentaje por número respondido

Porcentaje de gente con cada puntuación

Historial de tus puntuaciones

No has intentado esta prueba.